[Event "Calgary op 15th"]
[Site "Calgary"]
[Date "2024.12.28"]
[Round "4"]
[White "Michalchuk, Avery"]
[Black "Kostadinov, George"]
[Result "1/2-1/2"]
[WhiteElo "1809"]
[BlackElo "2043"]
[PlyCount "111"]
[EventDate "2024.12.26"]
[EventType "swiss"]
[EventRounds "9"]
[EventCountry "CAN"]
[SourceTitle "CB02_2025"]
[SourceDate "2025.01.08"]
[SourceVersion "1"]
[SourceVersionDate "2025.01.08"]
[SourceQuality "1"]

1. e4 c5 2. c3 d5 3. exd5 Qxd5 4. d4 Nf6 5. Nf3 e6 6. Na3 Be7 7. Nb5 Na6 8. Be3 0-0 9. Be2 cxd4 10. Nbxd4 Bd7 11. 0-0 Rfd8 12. Bxa6 bxa6 13. Nb3 Qh5 14. Bd4 Nd5 15. Ne5 Qf5 16. Qf3 Qxf3 17. Nxf3 f6 18. Rad1 Kf7 19. Rfe1 Ba4 20. Rd2 Rdc8 21. Nc1 Rc7 22. b3 Be8 23. c4 Nb4 24. Bc3 a5 25. Red1 a4 26. Nd3 a5 27. Nd4 axb3 28. axb3 Nxd3 29. Rxd3 a4 30. Nb5 Bxb5 31. cxb5 axb3 32. Bb2 Rb7 33. Rxb3 Rab8 34. Ba3 Bxa3 35. Rxa3 Rxb5 36. Ra7+ Kg6 37. g3 Rb1 38. Rxb1 Rxb1+ 39. Kg2 f5 40. h4 Kf6 41. Rc7 Rb6 42. Ra7 e5 43. Ra8 g6 44. Rf8+ Ke6 45. Re8+ Kf6 46. Rf8+ Kg7 47. Re8 e4 48. Re7+ Kg8 49. g4 fxg4 50. Rxe4 h5 51. Re3 Rf6 52. Ra3 Kg7 53. f3 Rf4 54. fxg4 Rxg4+ 55. Kh3 Rb4 56. Rf3 1/2-1/2